000 00629nam a2200193Ia 4500
005 20250508160220.0
008 008 250505s9999 xx 000 0 eng d
037 _aBooks to be hide in OPAC
040 _aFEDL
_beng
_cFEDL
041 _aeng
_2eng
084 _qFEDL
245 0 _aReport on the experimental course in music at the Mary Datchelor school, camberwell 1919-1922
260 _aLondon, UK
_bHis Majesty's Stationery Office
_c1923
300 _a15p.
490 _aBoard of Education
546 _aEducational experiments in secondary schools, No. 6th; Weeded out
942 _cHB
999 _c1362732
_d1362732